000 00695nam a2200229 i 4500
001 48912
003 ES-MaACL
005 20230906161838.0
007 t|
008 030702s1981 sp |||| | spa d
100 1 _aCordón, Faustino.
_940557
245 1 3 _aLa naturaleza del hombre a la luz de su origen biológico /
_cFaustino Cordón.
260 _a[Barcelona] :
_bAnthropos,
_c[1981]
300 _a160 p. ;
_c19 cm.
490 1 _aMonografías científicas F.I.B.E
650 4 _aEvolución humana.
_912627
650 0 4 _aHombre-
_xOrigen.
_913452
830 0 _aMonografías científicas F.I.B.E
_9182258
852 _aES-MaACL
_jL-714
852 _aES-MaACL
_jL-715
999 _c48912
_d48912